00559nam a22002177a 450000500170000001000110001702000100002803500110003803700160004904000120006508200180007710000240009524500810011926000360020027000130023630000200024950000200026965000100028965000170029970000250031620170124110001.0 a755357 c00.00 a755357 bCen Lib/Ret aDPLbEN a356.0973bKLE aKleinman, Forest K. aThe Modern united states army /cby Forest K. Kleinman [and] Robert Horowitz aNew YorkbD.Van Nostrand c1964 bNew York a217p.c24cm(Hb) aIncludes index  aArmy  aModern army  aHorowitz, Robert S.